000 01268nam2a2200253 4500
001 rc\2976158
005 20260315061938.0
035 _a(NLR Aleph) 007121827
090 _a13608848
_c13608848
100 _a20110909d1933 u y0rusy50 ca
101 0 _arus
102 _aRU
105 _aa z |||||
200 0 _aСборник 3
210 _d1933
215 _aОбл., 94 с., 2 с. объявл.
_cил.
_d20х13 см
225 1 _aИностранную технику на службу социалистическому строительству
_fВоен-хим. трест
_vВып. 39
_aСборники переводных статей
320 _aБиблиогр.: "Цитируемая лит." в конце отд. статей
461 0 _1001rc\2976154
_12001#$aНитроклетчатка и бездымный порох$eСборник 1-$fПод ред. Н.С. Пужая$gОбщ. ред. Н.Н. Ушакова$vСборник 3
_96870576
_cМосква
_d1933
_fПод ред. Н.С. Пужая
_nХимтехиздат
_oСборник 1-
_tНитроклетчатка и бездымный порох
_vСборник 3
801 0 _aRU
_bNLR
_gpsbo
801 1 _aRU
_bELAR
_2rusmarc
852 _aNLR
_j33-17/137(3)
942 _cUNSPEC
980 _aNB